Statistics for French Stock Market

Click here to take the quiz!

General Stats

  • This quiz has been taken 7 times
  • The average score is 16 of 40

Answer Stats

HintAnswer% Correct
Aerospace and defenseAirbus Group
86%
AutomobilesPeugeot
86%
AutomobilesRenault
86%
BanksBNP Paribas
71%
Heavy construction BouyguesBOUYGUES
71%
Food products DanoneDANONE
71%
HotelsAccor
57%
Personal productsL'Oréal
57%
Clothing and accessoriesLVMH
57%
TiresMichelin
57%
BanksSociété générale
57%
Integrated oil and gasTotal
57%
Heavy constructionVinci
57%
Broadcasting and entertainmentVivendi
57%
Full line insuranceAxa
43%
Food retailers and wholesalersCarrefour
43%
TelecommunicationsOrange
43%
Media agenciesPublicis Groupe
43%
Aerospace and defenseSafran
43%
PharmaceuticalsSanofi
43%
Real estateUnibail-Rodamco
43%
WaterVeolia Environnement
43%
Industrial machineryAlstom
29%
IT servicesCap Gemini
29%
EnergyEngie
29%
Electrical componentsLegrand
29%
Distillers and vintnerPernod Ricard
29%
Electrical componentsSchneider Electric
29%
Commodity chemicalsAir liquide
14%
TelecommunicationsAlcatel-Lucent
14%
SteelArcelorMittal
14%
BanksCrédit agricole
14%
Medical suppliesEssilor International
14%
Retail businessKering
14%
Building materialLafargeHolcim
14%
Building materialSaint-Gobain
14%
ChemicalsSolvay
14%
Oil equipmentTechnip
14%
Automotive supplierValeo
14%
Real estateKlepierre
0%

Score Distribution

Percentile by Number Answered

Percent of People with Each Score

Your Score History

You have not taken this quiz